=LDR 00000nam 2200000 4500 =001 INLIS000000000018148 =005 20130612113330 =008 ***********************************Ind** =035 ##$$0010-061300000018148 =041 ##$$a Ind =082 ##$$a 638.572 6 =090 ##$$a 638.572 6, Poi m =100 ##$$a Poimin, Farry B =245 ##$$a Menegathui permasalahn beternak jangkrik, oleh Ferry B. Poimin =260 ##$$a 1999 $b Jakarta =300 ##$$a ix, 86 hlm, ilus, 21 cm =650 ##$$a Jangkrik =850 ##$$a NBPNMAT